[Event "ICS rated blitz match"]
[Site "207.99.83.227"]
[Date "1999.03.27"]
[Round "?"]
[White "Fallen-Star"]
[Black "Hossa"]
[Result "1-0"]
[WhiteElo "2343"]
[BlackElo "2588"]
[Annotator "Crafty v16.6"]
[PlyCount "67"]

{annotating for player Hossa using a scoring margin of +0.10 pawns. search
time limit is 12.00} 1. e4 1... d6 2. d4 Nf6 3. Nc3 c6 ({8:-0.55} 3... c6 4.
Nf3 d5 5. e5 Ne4 6. Nxe4 dxe4 7. Ng5 7... Bf5 $14) ({8:-0.36} 3... Nc6 4. Bb5
Bd7 5. Nf3 a6 6. Bc4 Na5 7. Bd3 $14) 4. f4 d5 5. e5 Ne4 6. Nxe4 dxe4 7. Be3 e6
({8:-0.57} 7... e6 8. Qd2 Be7 9. O-O-O O-O 10. Bc4 b5 11. Bb3 $14) ({8:-0.37} 
7... Qb6 8. Qc1 Na6 9. Ne2 Nb4 10. Nc3 Nd5 11. Na4 $14) 8. Ne2 Be7 ({8:-0.49} 
8... Be7 9. Qd2 O-O 10. O-O-O c5 11. dxc5 Qxd2+ 12. Rxd2 Nd7 13. b4 $14) ({
8:-0.35} 8... Qb6 9. b3 Ba3 10. c3 Bb2 11. Rb1 Ba3 12. Kf2 $14) 9. a3 Qb6 10.
Rb1 O-O 11. Nc3 c5 ({8:-0.19} 11... c5 12. d5 exd5 13. Nxd5 Qd8 14. Nxe7+ Qxe7
15. Qd6 Qh4+ 16. g3 Qg4 17. Bxc5 $10) ({8:+0.08} 11... Rd8 12. b4 a5 13. Nxe4
axb4 14. axb4 Ra3 15. c3 15... Nd7 $10) 12. Nxe4 Rd8 13. c3 Nc6 14. Bd3 cxd4
15. cxd4 Nxd4 16. O-O Kh8 ({8:-0.11} 16... Kh8 17. Qh5 g6 18. Qg4 Qb3 19. Rfd1
Nf3+ 20. Qxf3 $10) ({8:+0.18} 16... Qc6 17. Rc1 Qd5 18. Qh5 g6 19. Qh6 Nf3+ 20.
Rxf3 20... Qxd3 $10) 17. Qh5 Bd7 ({8:-10.97} 17... Bd7 18. Ng5 Ne2+ 19. Kh1 h6
20. Nxf7+ Kg8 21. Bxb6 Nxf4 22. Rxf4 axb6 23. Nxd8 23... Rxd8 $18) ({8:+0.02} 
17... g6 18. Qd1 Kg8 19. Re1 Qc6 20. Nf6+ Bxf6 21. exf6 Qd5 22. Rc1 $10) 18.
Ng5 h6 19. Nxf7+ Kg8 20. Nxh6+ gxh6 21. Qg6+ Kf8 22. Qxh6+ Kg8 23. Qg6+ Kf8 24.
f5 Nxf5 25. Bxb6 axb6 26. Bxf5 Bc5+ 27. Kh1 exf5 28. e6 Bxe6 ({7:-11.88} 28...
Bxe6 29. Qxe6 Bf2 30. Rxf2 Kg7 31. Rxf5 Rd2 32. Qxb6 $18) ({7:-10.38} 28... Ke7
29. Qf7+ Kd6 30. Rbd1+ Kc6 31. exd7 Kc7 32. Rxf5 Kb8 33. b4 33... Be3 $18) 29.
Qxe6 Kg7 ({8:-Mat05} 29... Kg7 30. Rxf5 Rd1+ 31. Rxd1 Bf8 32. Qf7+ Kh8 33. Rh5+
Bh6 34. Rxh6# $18) ({8:-12.11} 29... Bf2 30. Rxf2 Ra5 31. Qf6+ Kg8 32. Qxd8+
Kf7 33. Qxb6 Re5 34. Qc7+ Kf6 35. Qxb7 $18) 30. Rxf5 Rd7 31. Qxd7+ Be7 32.
Qxe7+ Kg8 33. Rg5+ Kh8 34. Qg7# 1-0

[Event "ICS rated blitz match"]
[Site "207.99.83.227"]
[Date "1999.03.27"]
[Round "?"]
[White "Fallen-Star"]
[Black "Hossa"]
[Result "0-1"]
[WhiteElo "2349"]
[BlackElo "2570"]
[PlyCount "118"]

1. d4 Nf6 2. Nf3 e6 3. Bg5 Bb4+ 4. c3 Be7 5. Nbd2 d5 6. e3 Nbd7 7. Bd3 c5 8.
Qe2 O-O 9. O-O c4 10. Bc2 Qb6 11. b4 a5 12. a3 Qa6 13. e4 dxe4 14. Nxe4 axb4
15. cxb4 Rd8 16. Ne5 Nxe5 17. dxe5 Nd5 18. Qh5 h6 19. Bxh6 gxh6 20. Qxh6 Rd7
21. Nf6+ Nxf6 22. exf6 Bxf6 23. Qxf6 Kf8 24. a4 Qc6 25. b5 Qc5 26. Rae1 Qd4 27.
Rxe6 Qxf6 28. Rxf6 Rd2 29. Rc1 Ke7 30. Rf4 Be6 31. Kf1 b6 32. Ke1 Rad8 33. Bf5
Bxf5 34. Rxf5 R2d4 35. f3 Ra8 36. Re5+ Kd6 37. Re4 Rxe4+ 38. fxe4 Rxa4 39. Ke2
Ra2+ 40. Ke3 Kc5 41. Kf3 Kxb5 42. h4 Kc5 43. h5 b5 44. h6 b4 45. h7 Ra8 46. Rh1
Rh8 47. Kf4 b3 48. Kf5 b2 49. Kf6 c3 50. Kg7 c2 51. Kxh8 b1=Q 52. Rxb1 cxb1=Q
53. Kg7 Qb2+ 54. Kg8 Qxg2+ 55. Kxf7 Qf3+ 56. Kg7 Qg4+ 57. Kf8 Qf4+ 58. Kg8 Qg5+
59. Kf8 59... Qh6+ {Fallen-Star resigns} 0-1

[Event "ICS rated blitz match"]
[Site "207.99.83.227"]
[Date "1999.03.27"]
[Round "?"]
[White "WhiteHorse"]
[Black "Hossa"]
[Result "0-1"]
[WhiteElo "2381"]
[BlackElo "2577"]
[PlyCount "98"]

1. d4 Nf6 2. e3 e6 3. f4 c5 4. Bd3 cxd4 5. exd4 Bb4+ 6. c3 Be7 7. Nf3 O-O 8.
Qe2 b6 9. Nbd2 Bb7 10. O-O Nc6 11. Ng5 Rc8 12. Ngf3 Qe8 13. Ne5 d6 14. Nef3 Qd7
15. Re1 d5 16. Ne5 Qc7 17. Rf1 Bd6 18. Rf3 Qd8 19. Rh3 Qe7 20. g4 h6 21. Rg3
Rc7 22. h4 Ne4 23. Bxe4 Qxh4 24. Rg2 dxe4 25. Nf1 Rd8 26. Rh2 Qf6 27. Be3 Bxe5
28. fxe5 Qf3 29. Qe1 Qxg4+ 30. Rg2 Qh3 31. Nh2 Ne7 32. Rg3 Qh5 33. Qf2 Nf5 34.
Rg2 Kh8 35. Rf1 Ba6 36. Re1 Rcd7 37. Ng4 Nh4 38. Rg3 Nf3+ 39. Rxf3 exf3 40.
Qxf3 Bc4 41. Kf2 Bd5 42. Qg3 Bxa2 43. Rg1 Qf5+ 44. Ke1 Qb1+ 45. Kf2 Qxb2+ 46.
Ke1 Qxc3+ 47. Kf2 Rxd4 48. Nxh6 Qb2+ 49. Kf3 49... Bd5# {WhiteHorse checkmated}
0-1

[Event "ICS rated blitz match"]
[Site "207.99.83.227"]
[Date "1999.03.27"]
[Round "?"]
[White "WhiteHorse"]
[Black "Hossa"]
[Result "1/2-1/2"]
[WhiteElo "2373"]
[BlackElo "2585"]
[PlyCount "156"]

1. d4 Nf6 2. e3 e6 3. Bd3 Be7 4. f4 c5 5. Nf3 d5 6. c3 c4 7. Bc2 O-O 8. Nbd2
Ng4 9. Qe2 Bh4+ 10. g3 Be7 11. O-O Nc6 12. h3 Nf6 13. Kh2 Qd6 14. Ne5 Bd7 15.
Rg1 Rab8 16. g4 Rbd8 17. Qf2 Rde8 18. h4 Rd8 19. Qf3 Ne8 20. g5 Qc7 21. h5 Nxe5
22. fxe5 f6 23. gxf6 Nxf6 24. Qh3 Ne8 25. Rg2 Kh8 26. Nf3 Bc6 27. Bd2 Qb6 28.
Rb1 Nc7 29. b3 cxb3 30. axb3 Rf7 31. Rbg1 Rdf8 32. Rg3 Qb5 33. Qg2 Ne8 34. Bg6
Qxb3 35. Bxf7 Rxf7 36. Ng5 Bxg5 37. Rxg5 Qa3 38. h6 Qf8 39. hxg7+ Nxg7 40. Be1
a5 41. Bh4 Be8 42. Rg4 Rd7 43. Bf6 Bg6 44. Qh3 Kg8 45. Rxg6 hxg6 46. Rxg6 Rc7
47. Qxe6+ Kh7 48. Qg4 b5 49. Qg5 b4 50. Qh6+ Kg8 51. cxb4 axb4 52. e6 b3 53. e7
Rxe7 54. Bxe7 Qxe7 55. Qg5 Qxg5 56. Rxg5 b2 57. Rg1 Kf7 58. Rb1 Nf5 59. Rxb2
Nxe3 60. Rb5 Kg6 61. Rxd5 Nxd5 62. Kg3 Kh6 63. Kf3 Kh7 64. Ke4 Nf6+ 65. Ke5 Kg7
66. d5 Kf7 67. d6 Kg7 68. Ke6 Kg6 69. Ke7 Kg7 70. Kd8 Kh7 71. Kc7 Kh8 72. Kd8
Kg8 73. Kc7 Kh8 74. Kd8 Kg8 75. Kc7 Kh8 76. Kd8 Kg8 77. d7 Kh8 78. Kc7 78...
Nxd7 {Game drawn because neither player has mating material} 1/2-1/2

[Event "ICS rated blitz match"]
[Site "207.99.83.227"]
[Date "1999.03.27"]
[Round "?"]
[White "WhiteHorse"]
[Black "Hossa"]
[Result "1/2-1/2"]
[WhiteElo "2382"]
[BlackElo "2576"]
[PlyCount "62"]

1. d4 Nf6 2. e3 e6 3. Bd3 Be7 4. f4 c5 5. Nf3 d5 6. c3 c4 7. Bc2 O-O 8. Nbd2
Ng4 9. Qe2 Bh4+ 10. g3 Be7 11. O-O Nc6 12. h3 Nf6 13. Rf2 Bd7 14. Ne5 Qe8 15.
Rg2 Rd8 16. g4 h6 17. g5 hxg5 18. fxg5 Ne4 19. Nxe4 dxe4 20. Bxe4 Nxe5 21. dxe5
Bc6 22. Bxc6 Qxc6 23. h4 Qd5 24. Bd2 Qe4 25. Rf1 Qxh4 26. Rf4 Qh3 27. Rh2 Qg3+
28. Rg2 Qh3 29. Rh2 Qg3+ 30. Rg2 Qh3 31. Rh2 31... Qg3+ {
Game drawn by repetition} 1/2-1/2

[Event "ICS rated blitz match"]
[Site "207.99.83.227"]
[Date "1999.03.27"]
[Round "?"]
[White "WhiteHorse"]
[Black "Hossa"]
[Result "1-0"]
[WhiteElo "2390"]
[BlackElo "2568"]
[Annotator "Crafty v16.6"]
[PlyCount "99"]

{annotating for player Hossa using a scoring margin of +0.10 pawns. search
time limit is 12.00} 1. d4 1... Nf6 2. e3 e6 3. Bd3 Be7 4. f4 c5 5. Nf3 d5 ({
8:+0.05} 5... d5 6. c3 Nc6 7. O-O c4 8. Bc2 Ne4 9. Nbd2 $10) ({8:+0.61} 5...
cxd4 6. Nxd4 O-O 7. O-O Nc6 8. Nc3 Bc5 9. Nxc6 dxc6 10. a4 $15) 6. c3 c4 7. Bc2
O-O ({9:-0.59} 7... O-O 8. Ng5 Nc6 9. Nd2 Bd7 10. Ndf3 h6 11. Nh3 11... Ne4 $14
) ({9:-0.19} 7... Ng4 8. Ne5 Nxe5 9. fxe5 Nc6 10. Qh5 Bh4+ 11. g3 Bg5 12. Na3
12... Bd7 $10) 8. Nbd2 Ng4 9. Qe2 Bh4+ ({8:-0.99} 9... Bh4+ 10. Nxh4 Qxh4+ 11.
g3 Qh3 12. Nf3 f6 13. Ng1 Qh5 14. Nf3 $16) ({8:-0.43} 9... Re8 10. Nf1 Nc6 11.
h3 Nf6 12. Ng3 Qd6 13. Bd2 $14) 10. g3 Be7 11. O-O Nc6 12. h3 Nf6 ({8:-0.41} 
12... Nf6 13. Qf2 Nh5 14. Bd1 Bd7 15. Ng5 Bxg5 16. Bxh5 $14) ({8:-0.26} 12...
Nh6 13. Qh2 Nf5 14. Qf2 Qd6 15. g4 Nh6 16. Re1 $10) 13. Rf2 Bd7 14. Rg2 Rc8 15.
Ne5 Bd6 ({10:-0.67} 15... Bd6 16. Nxd7 Qxd7 17. Nf3 b5 18. a3 Rfe8 19. Rb1 a5
20. Ng5 20... e5 $14) ({10:-0.10} 15... Nxe5 16. fxe5 Ne8 17. Qh5 g6 18. Qg4
Bg5 19. Qe2 Nc7 20. Nf3 20... Be7 $10) 16. g4 Ne8 ({9:-0.72} 16... Ne8 17. Nxd7
Qxd7 18. g5 Ne7 19. Qh5 Nf5 20. Nf3 Nc7 21. Rg4 $16) ({9:-0.32} 16... Bxe5 17.
fxe5 Ne8 18. g5 Ne7 19. Qh5 Nf5 20. Nf3 Nc7 21. Rf2 $14) 17. g5 Ne7 ({9:-0.72} 
17... Ne7 18. Nxd7 Qxd7 19. Qh5 Nf5 20. Nf3 Rd8 21. Nh4 Nc7 22. Rg4 $16) ({
9:-0.39} 17... Bxe5 18. fxe5 Ne7 19. h4 Nf5 20. h5 Nh4 21. Rg4 Nf5 22. h6 $14)
18. h4 Bxe5 19. dxe5 Bc6 20. Rh2 Nf5 ({8:-0.45} 20... Nf5 21. h5 Ng3 22. Qe1
Nf5 23. h6 Qe7 24. hxg7 Nexg7 25. Re2 $14) ({8:-0.21} 20... Qd7 21. h5 Ba4 22.
Bxa4 Qxa4 23. h6 Nf5 24. hxg7 Nexg7 25. Rf2 25... Qd7 $10) 21. Nf3 Ng3 22. Qe1
Ne4 ({9:-0.55} 22... Ne4 23. h5 Qe7 24. h6 gxh6 25. Rxh6 Ng7 26. Nd4 Ne8 27.
Qe2 $14) ({9:-0.39} 22... Nh5 23. Nd4 g6 24. Rd2 Qe7 25. Bd1 Neg7 26. Nxc6 Rxc6
27. Bg4 $14) 23. Nd4 Nc5 ({9:-0.55} 23... Nc5 24. h5 Nd3 25. Bxd3 cxd3 26. Rd2
Qa5 27. Qf1 Qc5 28. Qxd3 $14) ({9:-0.37} 23... Qd7 24. Bxe4 dxe4 25. h5 Qd5 26.
Nxc6 Qxc6 27. Rd2 Nc7 28. h6 Rcd8 29. hxg7 29... Kxg7 $14) 24. Qe2 Qd7 25. h5
Ba4 26. Bb1 Bb5 27. Bc2 Nd3 ({10:-0.77} 27... Nd3 28. h6 g6 29. Qd1 Nxc1 30.
Rxc1 Nc7 31. Nxb5 Nxb5 32. Rd2 Rc5 33. Qg4 $16) ({11:+0.00} 27... Ba4 $10) 28.
Rg2 Kh8 29. g6 fxg6 30. hxg6 hxg6 ({9:-1.12} 30... hxg6 31. Qg4 Nc7 32. Nxb5
Nxb5 33. Qxg6 Rf5 34. Rd2 Qe8 35. Qxe8+ Rxe8 36. Bxd3 cxd3 37. Rxd3 $16) ({
9:-0.44} 30... h6 31. a4 Nxc1 32. Rxc1 Bc6 33. Qh5 Nc7 34. Nxc6 Qxc6 35. Rg5
35... Qd7 $14) 31. Rxg6 Nc7 32. Qh5+ Kg8 33. Qg4 Rce8 34. Bd2 Nxb2 35. Kh2 Re7
({8:-0.99} 35... Re7 36. Bc1 Nd3 37. Ba3 Nxe5 38. fxe5 Rf2+ 39. Kh1 39... Ref7
$16) ({8:-0.01} 35... Nd3 36. Rh6 Rf7 37. Rh1 Ba4 38. Kg2 Rff8 39. Bxa4 39...
Qxa4 $10) 36. Rg1 Ba4 37. Bb1 Nd3 38. Qh5 Qe8 39. Qh4 Bb5 ({7:-Mat07} 39... Bb5
40. Rh6 Qg6 41. Rgxg6 Ne8 42. Rh8+ Kf7 43. Rxg7+ Nxg7 44. Qf6+ Ke8 45. Qxf8+
Kd7 46. Qd8# $18) ({7:-3.46} 39... Bd1 $18) 40. Rh6 Qg6 41. Rgxg6 Ne8 42. Qxe7
Rf7 43. Qh4 Rxf4 44. exf4 Ne1 45. Bxe1 Ba4 46. Nxe6 Bb3 47. axb3 Kf7 48. Rh7
Kg8 49. Rhxg7+ Nxg7 50. Rxg7# 1-0

[Event "ICS rated blitz match"]
[Site "207.99.83.227"]
[Date "1999.03.27"]
[Round "?"]
[White "WhiteHorse"]
[Black "Hossa"]
[Result "0-1"]
[WhiteElo "2414"]
[BlackElo "2544"]
[PlyCount "104"]

1. d4 Nf6 2. c3 e6 3. e3 d5 4. Bd3 Nc6 5. f4 Be7 6. Nd2 O-O 7. Ngf3 Ng4 8. Qe2
Bh4+ 9. g3 Be7 10. O-O Bd7 11. h3 Nf6 12. Rf2 Rc8 13. Rg2 Bd6 14. g4 Qe7 15.
Ne5 Ne8 16. g5 Rd8 17. h4 f5 18. gxf6 Nxf6 19. h5 Rc8 20. h6 g6 21. Bxg6 Kh8
22. Bxh7 Bxe5 23. Bd3 Bd6 24. Nf3 Rg8 25. Ng5 Rce8 26. Bd2 Rd8 27. Rf1 Rc8 28.
Rf3 Rce8 29. Rfg3 Nd8 30. Be1 Ref8 31. Rh3 Nf7 32. Bh4 e5 33. Rhg3 exf4 34. Nh7
Rxg3 35. Bxf6+ Qxf6 36. Nxf6 f3 37. Nxd7 fxe2 38. Bxe2 Rxg2+ 39. Kxg2 Rg8+ 40.
Kf2 Nxh6 41. Bh5 Rd8 42. Ke2 Rxd7 43. Be8 Re7 44. Bh5 Nf5 45. Kd2 Nxe3 46. Bg6
Nc4+ 47. Kc2 Re2+ 48. Kd1 Rxb2 49. Bc2 Ne3+ 50. Kc1 Rxc2+ 51. Kb1 Ba3 52. c4
52... Rc1# {WhiteHorse checkmated} 0-1

[Event "ICS rated blitz match"]
[Site "207.99.83.227"]
[Date "1999.03.27"]
[Round "?"]
[White "WhiteHorse"]
[Black "Hossa"]
[Result "0-1"]
[WhiteElo "2404"]
[BlackElo "2554"]
[PlyCount "112"]

1. d4 Nf6 2. c3 e6 3. e3 d5 4. Bd3 Nc6 5. f4 Be7 6. Nf3 O-O 7. Nbd2 Ng4 8. Qe2
Bh4+ 9. g3 Be7 10. O-O Bd7 11. h3 Nf6 12. Rf2 Rc8 13. Rg2 Bd6 14. Ne5 Qe7 15.
g4 Ne8 16. g5 Rd8 17. h4 f5 18. h5 Bxe5 19. fxe5 f4 20. exf4 Rxf4 21. Nf3 Rf8
22. Bd2 Rc8 23. Rf1 Qd8 24. Rg4 Kh8 25. Rf2 Rb8 26. Rfg2 Qe7 27. Qf2 Qf7 28.
R2g3 Qg8 29. Qg2 Ne7 30. g6 Nf5 31. gxh7 Qxh7 32. h6 gxh6 33. Bxf5 exf5 34. Rg6
f4 35. Bxf4 h5 36. Bh6 Bg4 37. Bxf8 Qxg6 38. Nh4 Qb1+ 39. Kh2 Qxa2 40. Qd2 Kg8
41. Ba3 Qb1 42. Qg5+ Ng7 43. Ng2 Qc2 44. e6 Qf5 45. Qe3 Nxe6 46. Nh4 Qf6 47.
Ng2 Ng5 48. Nf4 Ne4 49. Nxh5 Qh4+ 50. Kg2 Qxh5 51. Qf4 Nxg3 52. Qxg3 Rc8 53. b4
Rf8 54. Bc1 Rf3 55. Qxc7 Qh3+ 56. Kg1 56... Rf1# {WhiteHorse checkmated} 0-1

[Event "ICS rated blitz match"]
[Site "207.99.83.227"]
[Date "1999.03.27"]
[Round "?"]
[White "WhiteHorse"]
[Black "Hossa"]
[Result "0-1"]
[WhiteElo "2395"]
[BlackElo "2563"]
[PlyCount "54"]

1. d4 Nf6 2. c3 e6 3. e3 d5 4. Bd3 Bd6 5. f4 c5 6. Nf3 c4 7. Bc2 O-O 8. O-O Bd7
9. Nbd2 Nc6 10. Ne5 Qe7 11. Rf3 Rae8 12. Rh3 Rb8 13. g4 h6 14. Rg3 Rbc8 15. h4
Bxe5 16. fxe5 Ne4 17. Bxe4 Qxh4 18. Kg2 dxe4 19. Nxe4 Rb8 20. Qf3 Ra8 21. g5
hxg5 22. Bd2 Nxe5 23. dxe5 Bc6 24. Rg4 Qh7 25. Rh1 Qf5 26. Rf1 Qxe5 27. Rg3
27... Bxe4 {WhiteHorse resigns} 0-1

[Event "ICS rated blitz match"]
[Site "207.99.83.227"]
[Date "1999.03.27"]
[Round "?"]
[White "WhiteHorse"]
[Black "Hossa"]
[Result "0-1"]
[WhiteElo "2378"]
[BlackElo "2580"]
[PlyCount "98"]

1. d4 Nf6 2. c3 e6 3. e3 d5 4. f4 Be7 5. Nf3 Nbd7 6. Bd3 O-O 7. O-O b6 8. Nbd2
Bb7 9. Ne5 Rc8 10. Rf3 c5 11. Rh3 cxd4 12. exd4 Ne4 13. Qe2 Ndf6 14. g4 Bd6 15.
g5 Bxe5 16. fxe5 Nxg5 17. Rg3 Ne8 18. h4 Ne4 19. Bxe4 dxe4 20. Nf1 Bc6 21. Bg5
Qc7 22. Ne3 f5 23. Rf1 Qf7 24. Rf4 Kh8 25. h5 Nc7 26. Qf2 h6 27. Bh4 Qxh5 28.
Rg2 Nd5 29. Nxd5 Bxd5 30. Qe3 g5 31. Bxg5 hxg5 32. Rh2 Qxh2+ 33. Kxh2 gxf4 34.
Qxf4 Rf7 35. Kg1 Bxa2 36. Kf2 Bb3 37. Qh6+ Kg8 38. Qg6+ Kf8 39. Qh6+ Ke7 40.
Qg5+ Kd7 41. Ke3 a5 42. Qg6 f4+ 43. Kf2 e3+ 44. Ke1 Rcf8 45. Qe4 Bd5 46. Qd3 f3
47. Qb5+ Kc7 48. Qa6 f2+ 49. Kf1 49... Bg2+ {WhiteHorse resigns} 0-1

[Event "ICS rated blitz match"]
[Site "207.99.83.227"]
[Date "1999.03.27"]
[Round "?"]
[White "WhiteHorse"]
[Black "Hossa"]
[Result "1/2-1/2"]
[WhiteElo "2370"]
[BlackElo "2588"]
[PlyCount "56"]

1. d4 Nf6 2. e3 e6 3. Bd3 Be7 4. f4 c5 5. Nf3 cxd4 6. exd4 d5 7. c3 O-O 8. Qe2
b6 9. Nbd2 Bd6 10. Ne5 Bb7 11. O-O Nc6 12. Rf3 Rc8 13. Rh3 Qe7 14. g4 h6 15.
Rg3 Rc7 16. g5 hxg5 17. fxg5 Bxe5 18. gxf6 Bxf6 19. Qh5 g6 20. Nf3 Bg7 21. Qh3
Rcc8 22. Bh6 Qe8 23. Ng5 Ne7 24. Bxg7 Kxg7 25. Qh7+ Kf6 26. Qh4 Kg7 27. Qh7+
Kf6 28. Qh4 28... Kg7 {Game drawn by mutual agreement} 1/2-1/2

[Event "ICS rated blitz match"]
[Site "207.99.83.227"]
[Date "1999.03.27"]
[Round "?"]
[White "WhiteHorse"]
[Black "Hossa"]
[Result "0-1"]
[WhiteElo "2371"]
[BlackElo "2587"]
[PlyCount "72"]

1. d4 Nf6 2. c3 e6 3. e3 d5 4. f4 Be7 5. Bd3 c5 6. Nf3 c4 7. Bc2 O-O 8. O-O Bd7
9. Nbd2 Nc6 10. Kh1 Qe8 11. Ne5 Bd6 12. g4 Bc8 13. g5 Bxe5 14. dxe5 Nd7 15. Rf3
Nc5 16. Qe2 Ne7 17. Rh3 g6 18. Nf3 Bd7 19. Bd2 Ba4 20. Bb1 Qb5 21. Bc1 Nd3 22.
Bxd3 cxd3 23. Qd2 Qa6 24. Nd4 Rac8 25. b3 Bc6 26. Bb2 Nf5 27. Rg1 Nxd4 28. exd4
Qxa2 29. Qf2 Bb5 30. Qh4 Rfe8 31. Qf2 Rxc3 32. Ra1 Qxa1+ 33. Bxa1 Rc1+ 34. Kg2
Rc2 35. Rf3 d2 36. Qxd2 36... Rxd2+ {WhiteHorse resigns} 0-1

[Event "ICS rated blitz match"]
[Site "207.99.83.227"]
[Date "1999.03.27"]
[Round "?"]
[White "WhiteHorse"]
[Black "Hossa"]
[Result "0-1"]
[WhiteElo "2364"]
[BlackElo "2594"]
[PlyCount "114"]

1. d4 Nf6 2. c3 d5 3. e3 e6 4. Bd3 Be7 5. f4 c5 6. Nf3 c4 7. Bc2 O-O 8. Nbd2
Ng4 9. Qe2 Bh4+ 10. g3 Be7 11. O-O Nc6 12. h3 Nf6 13. Rf2 Rb8 14. Rg2 Bd7 15.
Ne5 Bd6 16. g4 Rc8 17. g5 Ne8 18. h4 Ne7 19. h5 Bb5 20. g6 fxg6 21. hxg6 hxg6
22. Nxg6 Nxg6 23. Bxg6 Rc7 24. Nf3 Be7 25. Bd2 Rc8 26. Rh2 Nf6 27. Rf1 Be8 28.
Bc2 Bh5 29. Qg2 Qb6 30. Ne5 Qxb2 31. Bc1 Qxc3 32. Rh3 Bd6 33. Rg3 Rc7 34. Bg6
Bxg6 35. Nxg6 Re8 36. Qh3 Nh7 37. Rg2 Rd7 38. Rh2 Nf6 39. Rg2 Ne4 40. Bb2 Qd3
41. Qh8+ Kf7 42. Qh7 Qxe3+ 43. Kh2 Ng3 44. Rxg3 Qe2+ 45. Rg2 Qxf1 46. Ne5+ Bxe5
47. fxe5 Qf4+ 48. Kg1 Qh6 49. Qc2 Rh8 50. Bc1 Qh1+ 51. Kf2 Kg8 52. Bg5 Rf7+ 53.
Bf6 Rh2 54. Qg6 Qxg2+ 55. Qxg2 Rxg2+ 56. Kxg2 gxf6 57. exf6 57... e5 {
WhiteHorse resigns} 0-1

[Event "ICS rated blitz match"]
[Site "207.99.83.227"]
[Date "1999.03.27"]
[Round "?"]
[White "WhiteHorse"]
[Black "Hossa"]
[Result "1-0"]
[WhiteElo "2357"]
[BlackElo "2601"]
[Annotator "Crafty v16.6"]
[PlyCount "83"]

{annotating for player Hossa using a scoring margin of +0.10 pawns. search
time limit is 12.00} 1. d4 1... Nf6 2. c3 e6 3. e3 d5 4. Bd3 Bd6 5. f4 c5 6.
Nf3 c4 ({8:-0.29} 6... c4 7. Bc2 Nc6 8. Ne5 Nd7 9. Qh5 Ndxe5 10. fxe5 10... Be7
$10) ({8:-0.13} 6... Nbd7 7. O-O Nb6 8. Nbd2 Ng4 9. Qe2 Bd7 10. Ng5 $10) 7. Bc2
O-O ({9:-0.57} 7... O-O 8. Ng5 Nc6 9. Nd2 Bd7 10. Ndf3 h6 11. Nh3 11... Ne4 $14
) ({9:-0.38} 7... Nc6 8. Ne5 Qc7 9. Nd2 b6 10. Ndf3 Bb7 11. Ng5 Nxe5 12. fxe5
$14) 8. Nbd2 b6 ({9:-0.48} 8... b6 9. O-O Nc6 10. a3 Bb7 11. Qe2 Qd7 12. Ng5
12... Rad8 $14) ({9:-0.37} 8... Qe7 9. O-O Nc6 10. Qe2 Bd7 11. a3 Rae8 12. Ng5
12... e5 $14) 9. O-O Nc6 10. Ne5 Bb7 11. Rf3 Rc8 12. Rh3 Kh8 ({8:-1.28} 12...
Kh8 13. Bxh7 Rc7 14. Bc2+ Kg8 15. Rg3 Qe7 16. Nxc6 Bxc6 17. Rg5 $16) ({8:-0.66
} 12... h6 13. Ng4 Kh8 14. Nxf6 Qxf6 15. Qh5 b5 16. Rh4 16... a5 $14) 13. Qf3
Be7 ({8:-1.43} 13... Be7 14. Bxh7 Qc7 15. Bc2+ Kg8 16. Rg3 Qd6 17. Rg5 Nxe5 18.
Rxe5 $16) ({8:-0.66} 13... h6 14. Ng4 Nxg4 15. Qxg4 Qf6 16. Qh5 b5 17. Rg3
17... a5 $14) 14. Ng4 g6 15. Ne5 Qe8 ({9:-0.69} 15... Qe8 16. Nxc6 Qxc6 17. Qg3
Qd6 18. Qg5 Rfd8 19. Rf3 Ne4 20. Nxe4 20... dxe4 $14) ({9:-0.43} 15... Nxe5 16.
fxe5 Ng8 17. Qg4 a5 18. Nf3 b5 19. Rg3 b4 20. Rb1 $14) 16. g4 Ng8 ({9:-0.69} 
16... Ng8 17. Nxc6 Bxc6 18. Qe2 Nf6 19. Rb1 Qd7 20. Rh6 Ng8 21. Rh3 $14) ({
9:-0.46} 16... Nxe5 17. fxe5 Ng8 18. Qf4 a5 19. g5 b5 20. Rf3 b4 21. e4 bxc3
22. bxc3 $14) 17. g5 Nxe5 18. dxe5 Bc6 ({9:-0.49} 18... Bc6 19. Rh4 Qd7 20. Qh3
h6 21. Nf3 a6 22. Nd4 Bb5 23. Qg4 $14) ({9:-0.23} 18... Qd7 19. Rh4 Rfe8 20.
Qh3 h6 21. Nf3 a5 22. Nd4 22... b5 $10) 19. Qg3 Rd8 ({9:-0.53} 19... Rd8 20.
Qh4 h6 21. Nf3 Bb7 22. Qg4 Kg7 23. Nd4 hxg5 24. fxg5 $14) ({9:-0.39} 19... Qd7
20. Qh4 h6 21. Qg4 Kg7 22. Nf3 hxg5 23. fxg5 Bc5 24. Nd4 $14) 20. Nf3 Ba4 21.
Bb1 Bd1 22. Nd4 Bh5 23. Bc2 h6 ({9:-1.47} 23... h6 24. Rxh5 gxh5 25. g6 fxg6
26. Nxe6 Kh7 27. f5 Rxf5 28. Nxd8 Qxd8 29. Bxf5 29... gxf5 $16) ({9:-0.23} 
23... a5 24. Bd2 a4 25. Bd1 a3 26. Bxh5 axb2 27. Rb1 gxh5 28. Rxb2 $10) 24. Bd2
Rc8 ({8:-0.92} 24... Rc8 25. Rxh5 gxh5 26. g6 fxg6 27. Nxe6 g5 28. Nxf8 28...
Qxf8 $16) ({8:-0.73} 24... hxg5 25. fxg5 Kg7 26. Qf4 Bc5 27. Bd1 Bxd1 28. Rxd1
Qd7 29. Rf3 $16) 25. Bd1 Bxd1 26. Rxd1 Qa4 27. Rf1 Qxa2 28. Bc1 h5 29. f5 exf5
30. Qf3 Bxg5 31. Nxf5 gxf5 32. Qxh5+ Bh6 33. e4 Rc6 34. exf5 Qb1 35. f6 Qh7 ({
9:-10.25} 35... Qh7 36. Bxh6 Nxf6 37. exf6 Kg8 38. Rg3+ Kh8 39. Bg7+ Kg8 40.
Bxf8+ Kh8 41. Qxh7+ Kxh7 42. Rg7+ Kh6 43. Rxf7+ Kg5 44. h3 $18) ({9:-4.95} 
35... Qg6+ 36. Qxg6 fxg6 37. Bxh6 Nxh6 38. Rxh6+ Kg8 39. Rxg6+ Kf7 40. Rg7+ Ke8
41. Re7+ Kd8 42. Rxa7 Rg8+ 43. Kf2 Rg5 44. Re7 44... d4 $18) 36. Bxh6 Nxh6 37.
Qxh6 Qxh6 38. Rxh6+ Kg8 39. Rf2 Rxf6 40. exf6 Re8 41. Rg2+ Kf8 42. Rh8# 1-0